000
00290nam a2200109Ia 4500
008
191201s2012 xx 000 0 und d
100
_a
ROGERS,David F
245
0
_a
Procedural Elements for Computer Graphics
250
_a
Rep
260
_c
2012
_b
Tata mc Graw Hill
_a
NEW DELHI
942
_2
ddc
_c
BK
999
_c
7942
_d
7942